<?xml version="1.0" encoding="UTF-8"?>
<record
    xmlns:xsi="http://www.w3.org/2001/XMLSchema-instance"
    xsi:schemaLocation="http://www.loc.gov/MARC21/slim http://www.loc.gov/standards/marcxml/schema/MARC21slim.xsd"
    xmlns="http://www.loc.gov/MARC21/slim">

  <leader>01434nam0a2200313   4500</leader>
  <controlfield tag="001">RU\NLR\bibl\1361635</controlfield>
  <controlfield tag="005">20260408063321.0</controlfield>
  <datafield tag="010" ind1=" " ind2=" ">
    <subfield code="a">5-9332-097-8</subfield>
  </datafield>
  <datafield tag="035" ind1=" " ind2=" ">
    <subfield code="a">(NLR Aleph) 001353806</subfield>
  </datafield>
  <datafield tag="090" ind1=" " ind2=" ">
    <subfield code="a">937796</subfield>
    <subfield code="c">937796</subfield>
  </datafield>
  <datafield tag="100" ind1=" " ind2=" ">
    <subfield code="a">20090424d2003    |||y0rusy50      ca</subfield>
  </datafield>
  <datafield tag="101" ind1="0" ind2=" ">
    <subfield code="a">rus</subfield>
    <subfield code="a">eng</subfield>
  </datafield>
  <datafield tag="102" ind1=" " ind2=" ">
    <subfield code="a">RU</subfield>
  </datafield>
  <datafield tag="105" ind1=" " ind2=" ">
    <subfield code="a">a   |||||||||</subfield>
  </datafield>
  <datafield tag="200" ind1="1" ind2=" ">
    <subfield code="a">&#x41D;&#x438;&#x43A;&#x43E;&#x43B;&#x430;&#x439; &#x421;&#x430;&#x436;&#x438;&#x43D;</subfield>
    <subfield code="e">[&#x430;&#x43B;&#x44C;&#x431;&#x43E;&#x43C;</subfield>
    <subfield code="f">&#x430;&#x432;&#x442;. &#x432;&#x441;&#x442;&#x443;&#x43F;. &#x441;&#x442;.: &#x41C;&#x438;&#x445;&#x430;&#x438;&#x43B; &#x413;&#x435;&#x440;&#x43C;&#x430;&#x43D;, &#x43F;&#x440;&#x43E;&#x444;., &#x434;.&#x438;&#x441;&#x43A;., &#x430;&#x43A;&#x430;&#x434;. &#x410;&#x43A;&#x430;&#x434;. &#x433;&#x443;&#x43C;&#x430;&#x43D;&#x438;&#x442;. &#x43D;&#x430;&#x443;&#x43A;]</subfield>
  </datafield>
  <datafield tag="210" ind1=" " ind2=" ">
    <subfield code="a">&#x421;&#x430;&#x43D;&#x43A;&#x442;-&#x41F;&#x435;&#x442;&#x435;&#x440;&#x431;&#x443;&#x440;&#x433;</subfield>
    <subfield code="c">&#x413;&#x43E;&#x441;&#x443;&#x434;&#x430;&#x440;&#x441;&#x442;&#x432;&#x435;&#x43D;&#x43D;&#x44B;&#x439; &#x420;&#x443;&#x441;&#x441;&#x43A;&#x438;&#x439; &#x43C;&#x443;&#x437;&#x435;&#x439;, &#x41C;&#x443;&#x437;&#x435;&#x439; &#x41B;&#x44E;&#x434;&#x432;&#x438;&#x433;&#x430;</subfield>
    <subfield code="d">2003</subfield>
  </datafield>
  <datafield tag="215" ind1=" " ind2=" ">
    <subfield code="a">[136] &#x441;.</subfield>
    <subfield code="c">&#x446;&#x432;. &#x438;&#x43B;.</subfield>
    <subfield code="d">22</subfield>
  </datafield>
  <datafield tag="300" ind1=" " ind2=" ">
    <subfield code="a">&#x422;&#x435;&#x43A;&#x441;&#x442; &#x43F;&#x430;&#x440;&#x430;&#x43B;. &#x43D;&#x430; &#x440;&#x443;&#x441;. &#x438; &#x430;&#x43D;&#x433;&#x43B;. &#x44F;&#x437;.</subfield>
  </datafield>
  <datafield tag="320" ind1=" " ind2=" ">
    <subfield code="a">&#x411;&#x438;&#x431;&#x43B;&#x438;&#x43E;&#x433;&#x440;. &#x432; &#x43A;&#x43E;&#x43D;&#x446;&#x435; &#x43A;&#x43D;.</subfield>
  </datafield>
  <datafield tag="600" ind1=" " ind2="1">
    <subfield code="a">&#x421;&#x430;&#x436;&#x438;&#x43D;</subfield>
    <subfield code="b">&#x41D;.&#x410;.</subfield>
    <subfield code="f">1948</subfield>
    <subfield code="g">&#x41D;&#x438;&#x43A;&#x43E;&#x43B;&#x430;&#x439; &#x410;&#x43B;&#x435;&#x43A;&#x441;&#x435;&#x435;&#x432;&#x438;&#x447;</subfield>
    <subfield code="j">&#x410;&#x43B;&#x44C;&#x431;&#x43E;&#x43C;&#x44B;</subfield>
    <subfield code="9">2550370</subfield>
    <subfield code="3">RU\NLR\auth\661509193</subfield>
  </datafield>
  <datafield tag="686" ind1=" " ind2=" ">
    <subfield code="a">&#x429;143(2&#x420;=&#x420;&#x443;&#x441;)7-8&#x421;&#x430;&#x436;&#x438;&#x43D;&#x44F;61</subfield>
  </datafield>
  <datafield tag="700" ind1=" " ind2="1">
    <subfield code="a">&#x421;&#x430;&#x436;&#x438;&#x43D;</subfield>
    <subfield code="b">&#x41D;. &#x410;.</subfield>
    <subfield code="f">1948-</subfield>
    <subfield code="g">&#x41D;&#x438;&#x43A;&#x43E;&#x43B;&#x430;&#x439; &#x410;&#x43B;&#x435;&#x43A;&#x441;&#x435;&#x435;&#x432;&#x438;&#x447;</subfield>
    <subfield code="4">070</subfield>
  </datafield>
  <datafield tag="712" ind1="0" ind2="2">
    <subfield code="4">570</subfield>
    <subfield code="a">&#x413;&#x43E;&#x441;&#x443;&#x434;&#x430;&#x440;&#x441;&#x442;&#x432;&#x435;&#x43D;&#x43D;&#x44B;&#x439; &#x420;&#x443;&#x441;&#x441;&#x43A;&#x438;&#x439; &#x43C;&#x443;&#x437;&#x435;&#x439;</subfield>
    <subfield code="c">&#x421;&#x430;&#x43D;&#x43A;&#x442;-&#x41F;&#x435;&#x442;&#x435;&#x440;&#x431;&#x443;&#x440;&#x433;</subfield>
    <subfield code="b">&#x41C;&#x443;&#x437;&#x435;&#x439; &#x41B;&#x44E;&#x434;&#x432;&#x438;&#x433;&#x430;</subfield>
    <subfield code="3">RU\NLR\AUTH\8810033910</subfield>
    <subfield code="9">566286</subfield>
  </datafield>
  <datafield tag="801" ind1=" " ind2="0">
    <subfield code="a">RU</subfield>
    <subfield code="b">NLR</subfield>
    <subfield code="c">20090424</subfield>
    <subfield code="g">RCR</subfield>
  </datafield>
  <datafield tag="801" ind1=" " ind2="1">
    <subfield code="a">RU</subfield>
    <subfield code="b">NLR</subfield>
    <subfield code="c">20090424</subfield>
  </datafield>
  <datafield tag="830" ind1=" " ind2=" ">
    <subfield code="a">&#x430;&#x432;&#x442;. &#x43F;&#x43E; &#x43A;&#x43D;.</subfield>
  </datafield>
  <datafield tag="942" ind1=" " ind2=" ">
    <subfield code="c">BOOK</subfield>
  </datafield>
  <datafield tag="980" ind1=" " ind2=" ">
    <subfield code="a">NB</subfield>
  </datafield>
  <datafield tag="995" ind1=" " ind2=" ">
    <subfield code="5">2009-06-05</subfield>
    <subfield code="a">ab</subfield>
    <subfield code="b">NLR02</subfield>
    <subfield code="c">NLR02</subfield>
    <subfield code="e">EST</subfield>
    <subfield code="f">2935480</subfield>
    <subfield code="k">&#x42D; &#x410;&#x43B;&#x418;&#x441;590/2-&#x421;146</subfield>
    <subfield code="o">0</subfield>
    <subfield code="p">100.00</subfield>
    <subfield code="r">BOOK</subfield>
    <subfield code="s">_5902146</subfield>
  </datafield>
  <datafield tag="995" ind1=" " ind2=" ">
    <subfield code="5">2019-12-06</subfield>
    <subfield code="a">ab</subfield>
    <subfield code="b">NLR02</subfield>
    <subfield code="c">NLR02</subfield>
    <subfield code="e">EST</subfield>
    <subfield code="f">1-2727180</subfield>
    <subfield code="k">&#x42D; &#x410;&#x43B;&#x418;&#x441;590/2-&#x421;146</subfield>
    <subfield code="o">0</subfield>
    <subfield code="p">300.00</subfield>
    <subfield code="r">BOOK</subfield>
    <subfield code="s">_5902146</subfield>
  </datafield>
  <datafield tag="995" ind1=" " ind2=" ">
    <subfield code="5">2025-05-07</subfield>
    <subfield code="a">ab</subfield>
    <subfield code="b">NLR01</subfield>
    <subfield code="c">NLR01</subfield>
    <subfield code="e">OBM</subfield>
    <subfield code="f">1-4921872</subfield>
    <subfield code="o">0</subfield>
    <subfield code="p">300.00</subfield>
    <subfield code="r">BOOK</subfield>
  </datafield>
</record>
